ბათუმის შოთა რუსთაველის სახელმწიფო უნივერსიტეტის ბიბლიოთეკა

Manual of neonatal care / (ბიბ.ჩანაწერი № 57490)

000 -LEADER
fixed length control field 01052cam a22002654a 4500
001 - CONTROL NUMBER
control field 14893824
005 - DATE AND TIME OF LATEST TRANSACTION
control field 20221114121328.0
008 - FIXED-LENGTH DATA ELEMENTS--GENERAL INFORMATION
fixed length control field 070615s2012 paua bf 001 0 eng
020 ## - INTERNATIONAL STANDARD BOOK NUMBER
International Standard Book Number 9780781769846x
041 ## - LANGUAGE CODE
Language code of text/sound track or separate title eng
080 ## - UNIVERSAL DECIMAL CLASSIFICATION NUMBER
Universal Decimal Classification number 616-053.31 M-24
245 00 - TITLE STATEMENT
Title Manual of neonatal care /
Statement of responsibility, etc. editors, John P. Cloherty, Eric C. Eichenwald, Ann R. Stark.
250 ## - EDITION STATEMENT
Edition statement Seventh edition
264 ## - PRODUCTION, PUBLICATION, DISTRIBUTION, MANUFACTURE, AND COPYRIGHT NOTICE
Place of production, publication, distribution, manufacture Philadelphia :
Name of producer, publisher, distributor, manufacturer Wolters Kluwer Health/Lippincott Williams & Wilkins,
Date of production, publication, distribution, manufacture, or copyright notice 2012.
300 ## - PHYSICAL DESCRIPTION
Extent 1007 p. :
Other physical details ill. ;
Dimensions 20 cm.
653 ## - INDEX TERM--UNCONTROLLED
keyword ახალშობილთა დაავადებები
653 ## - INDEX TERM--UNCONTROLLED
keyword ახალშობილის მოვლა
653 ## - INDEX TERM--UNCONTROLLED
keyword პედიატრია
653 ## - INDEX TERM--UNCONTROLLED
keyword ნეონატოლოგია
700 1# - ADDED ENTRY--PERSONAL NAME
Personal name Cloherty, John P.
Relator term რედაქტორი
9 (RLIN) 8837
700 1# - ADDED ENTRY--PERSONAL NAME
Personal name Eichenwald, Eric C.
Relator term რედაქტორი
9 (RLIN) 8838
700 1# - ADDED ENTRY--PERSONAL NAME
Personal name Stark, Ann R.
Relator term რედაქტორი
9 (RLIN) 8839
700 1# - ADDED ENTRY--PERSONAL NAME
Personal name Hansen A. R.
Relator term რედაქტორი
9 (RLIN) 8840
942 ## - ADDED ENTRY ELEMENTS (KOHA)
Source of classification or shelving scheme
Koha item type წიგნი
ეგზემპლარები
Withdrawn status Lost status Source of classification or shelving scheme Damaged status Not for loan Permanent Location Current Location Shelving location Date acquired Cost, normal purchase price Full call number Barcode Date last seen Copy number Price effective from Koha item type Public note
          ბათუმის შოთა რუსთაველის სახელმწიფო უნივერსიტეტის მთავარი ბიბლიოთეკა ბათუმის შოთა რუსთაველის სახელმწიფო უნივერსიტეტის მთავარი ბიბლიოთეკა წიგნსაცავი 2020-06-29 159.00 616-053.31 M-24 60689 2020-06-29 60689 2020-06-29 წიგნი 159 ლ.